000 00347nam a22001337a 4500
008 170525b xxu||||| |||| 00| 0 eng d
020 _a3411142014
041 _ager
080 _a621.38
100 _a26
101 _aIM
245 _aRISIKEN ELEKTRONISCHER DATENUBERMITTLNG IM BANKEN-HANDELS-UND BEHORDENBEREICH
_cJABUREK,W.J
942 _2udc
_cBK
999 _c14271
_d14271